000
00299nam a22001337a 4500
008
170527b xxu||||| |||| 00| 0 eng d
020
_a
0444868984
041
_a
eng
080
_a
007
100
_a
27
101
_a
IM
245
_a
CYBERNETICS AND SYSTEMS RESEARCH 2
_c
TRAPPL, R
942
_2
udc
_c
BK
999
_c
14699
_d
14699